Normal view
MARC view
- Hall, David.L ,Mcmullen, Sonya A.H
Entry Personal Name
001 - CONTROL NUMBER
- control field: 56603
003 - CONTROL NUMBER IDENTIFIER
- control field: NUST
005 - DATE AND TIME OF LATEST TRANSACTION
- control field: 20210628201734.0
008 - FIXED-LENGTH DATA ELEMENTS
- fixed length control field: 210628|| aca||aabn | a|a d
040 ## - CATALOGING SOURCE
- Original cataloging agency: NUST
- Transcribing agency: NUST
100 ## - HEADING--PERSONAL NAME
- Personal name: Hall, David.L ,Mcmullen, Sonya A.H
670 ## - SOURCE DATA FOUND
- Source citation: Work cat.: (NUST): Hall, David.L ,Mcmullen, Sonya A.H, Mathematical techniques in multisensor data fusion, 2004
